Tutela efectiva del derecho del medio ambiente /
En este artículo se analizan las vías para garantizar una tutela jurisdiccional efectiva en materia ambiental, haciendo referencia a aspectos como el Derecho Penal Ambiental, el derecho civil, el derecho administrativo, Derecho Procesal Constitucional, Derecho Comunitario Andino, derecho Ambiental I...
Shranjeno v:
| Glavni avtor: | |
|---|---|
| Format: | Texto |
| Teme: | |
| Oznake: |
Označite
Brez oznak, prvi označite!
|
MARC
| LEADER | 00000 a a2200000 04500 | ||
|---|---|---|---|
| 001 | 42221 | ||
| 003 | |||
| 040 | |||
| 100 | |a Torres López, Edgardo | ||
| 245 | |a Tutela efectiva del derecho del medio ambiente / |c Edgardo Torres López | ||
| 520 | |a En este artículo se analizan las vías para garantizar una tutela jurisdiccional efectiva en materia ambiental, haciendo referencia a aspectos como el Derecho Penal Ambiental, el derecho civil, el derecho administrativo, Derecho Procesal Constitucional, Derecho Comunitario Andino, derecho Ambiental Internacional y el rol de los Jueces en Materia de Defensa Ambiental. | ||
| 590 | |a SJB/NOVIEMBRE2012 | ||
| 650 | |a 1.DETERIORO AMBIENTAL | ||
| 650 | |a 2.PLANIFICACION | ||
| 650 | |a 3.PARTICIPACION CIUDADANA | ||
| 650 | |a 4.MEDIO AMBIENTE | ||
| 773 | |g volumen18, número9 ( , 2008), páginas 107-116 | ||
| 999 | |c 35185 |d 35185 | ||
